TOP 3 złotej piłki w XXI wieku (2001 - 2024) - Statystyki

Ogólne statystyki
  • Ten quiz został rozwiązany 149 razy
    46 od ostatniego zresetowania
  • Średni wynik to 41 z 69
Statystyki odpowiedzi
Hint Odpowiedź % Poprawnych
2008 Cristiano Ronaldo
89%
2013 Cristiano Ronaldo
89%
2014 Cristiano Ronaldo
89%
2016 Cristiano Ronaldo
89%
2017 Cristiano Ronaldo
89%
2007 Cristiano Ronaldo
89%
2009 Cristiano Ronaldo
89%
2011 Cristiano Ronaldo
89%
2012 Cristiano Ronaldo
89%
2015 Cristiano Ronaldo
89%
2018 Cristiano Ronaldo
89%
2019 Cristiano Ronaldo
89%
2009 Lionel Messi
89%
2010 Lionel Messi
89%
2011 Lionel Messi
89%
2012 Lionel Messi
89%
2015 Lionel Messi
89%
2019 Lionel Messi
89%
2021 Lionel Messi
89%
2023 Lionel Messi
89%
2008 Lionel Messi
89%
2013 Lionel Messi
89%
2014 Lionel Messi
89%
2016 Lionel Messi
89%
2017 Lionel Messi
89%
2007 Lionel Messi
89%
2002 Ronaldo
86%
2024 Rodri
83%
2018 Luka Modric
80%
2022 Karim Benzema
69%
2007 Kaka
66%
2021 Robert Lewandowski
66%
2005 Ronaldinho
66%
2004 Ronaldinho
66%
2024 Vinicius Junior
66%
2015 Neymar
60%
2017 Neymar
60%
2023 Erling Haaland
57%
2019 Virgil van DIjk
51%
2010 Andres Iniesta
49%
2012 Andres Iniesta
49%
2009 Xavi
49%
2010 Xavi
49%
2011 Xavi
49%
2023 Kylian Mbappe
43%
2006 Fabio Cannavaro
40%
2013 Franck Ribery
40%
2022 Kevin De Bruyne
40%
2022 Sadio Mane
40%
2024 Jude Bellingham
37%
2014 Manuel Neuer
37%
2001 Michael Owen
37%
2016 Antoine Griezmann
29%
2018 Antoine Griezmann
29%
2003 Thierry Henry
29%
2006 Thierry Henry
29%
2021 Jorginho
23%
2004 Andrij Szewczenko
20%
2008 Fernando Torres
20%
2006 Gianluigi Buffon
20%
2003 Paolo Maldini
20%
2003 Pavel Nedved
20%
2005 Frank Lampard
14%
2001 Oliver Kahn
14%
2002 Oliver Kahn
14%
2001 Raul
14%
2002 Roberto Carlos
14%
2005 Steven Gerrard
14%
2004 Deco
11%
Nie znaleziono quizów pasujących do podanych kryteriów
Rozkład punktacji
Procent ludzi z każdym wynikiem
Percentyl według liczby udzielonych odpowiedzi
Twoja historia wyników
Nie rozwiązałeś tego quizu od ostatniego zresetowania